Vista normal Vista MARC

Entrada Topical Term

Número de registros utilizados en: 2

001 - CONTROL NUMBER

  • control field: 61482

003 - CONTROL NUMBER IDENTIFIER

  • control field: OSt

005 - DATE AND TIME OF LATEST TRANSACTION

  • control field: 20250730101145.0

008 - FIXED-LENGTH DATA ELEMENTS

  • fixed length control field: 250730|| aca||aabn | a|a d

040 ## - CATALOGING SOURCE

  • Original cataloging agency: OSt
  • Transcribing agency: OSt

150 ## - HEADING--TOPICAL TERM

  • Topical term or geographic name entry element: Ladrones
  • Form subdivision: Cuentos infantiles

670 ## - SOURCE DATA FOUND

  • Source citation: Work cat.: (OSt)57746: Brouillet, Chrystine, 1958- 45291, El robo del siglo /









Instituto Departamental de Cultura del Meta - Red Departamental de Bibliotecas Públicas del Meta.